| 000 | 01346nam a2200301 a 4500 | ||
|---|---|---|---|
| 003 | BLK | ||
| 005 | 20250703132013.0 | ||
| 008 | 180412b bul rap|r|||| r0| ||bulo| | ||
| 020 | _a9786192408534 | ||
| 040 | _aBLK | ||
| 041 |
_aBUL _cBUL |
||
| 080 |
_aЛитература на отделни езици и езикови семейства _b821 _z-93-34 _9234031 _x821-93-34 |
||
| 084 | _aМ 19 | ||
| 100 |
_aМакардъл, Лили _9497716 |
||
| 245 | 1 | 0 |
_aЛешникотрошачката _bприказка в стихове _cпреразк. Лили Макардъл; ил. Бодил Джейн; прев. Ангелина Жекова. |
| 257 | _aBGR | ||
| 260 |
_aСофия _bПАН _c2021 _9209558 _n978-954-660- ; 978-954-657- _fКитай |
||
| 300 |
_a20 с. (муз. кутия) _bс цв. ил. _c29х25 см |
||
| 380 | _aDX | ||
| 490 |
_9497717 _aПриказка от музикалната кутийка |
||
| 500 | _aОриг. загл. Stories from the Music Box/text by Lily McArdie | ||
| 700 |
_aДжейн, Бодил _9497718 |
||
| 700 |
_aЖекова, Ангелина Иванова _9366328 |
||
| 852 |
_bД _c821-93/М 19 Л |
||
| 942 |
_cKNG _n0 _s1 _04 |
||
| 944 |
_a30540 _cСевдалина Тодорова _k30551 _lБояна Костадинова |
||
| 999 |
_c528985 _d528985 |
||